01515nam a22001937a 450000500170000000800410001702000180005804000070007604100080008308200180009110000280010924500480013725000120018526000280019730000280022536500640025352009710031765000330128820220429111246.0220324b ||||| |||| 00| 0 eng d a9781118530214 cAL aeng 223a547bALOA aMiguel E Alonso- Amelot aArt of problem solving in organic chemistry a2nd ed. aNew JerseybWileyc2014 axix,450p.bPBc23x15cm. 2Generala6556b₹3193.05c₹d₹4093.66e22%f19-03-2022 aThis long-awaited new edition helps students understand and solve the complex problems that organic chemists regularly face using a step-by-step method and approachable text. With solved and worked-through problems, the author orients discussion of each through the application of various problem-solving techniques. Teaches organic chemists structured and logical techniques to solve reaction problems and uses a unique, systematic approach. Stresses the logic and strategy of mechanistic problem solving a key piece of success for organic chemistry, beyond just specific reactions and facts Has a conversational tone and acts as a readable and approachable workbook allowing reader involvement instead of simply straightforward text Uses 60 solved and worked-through problems and reaction schemes for students to practice with, along with updated organic reactions and illustrated examples Includes website with supplementary material for chapters and problems.  2ChemistryaOrganic Chemistry